000 00466nam a2200193 a 4500
001 1762519679893
003 ACL
005 20251107181942.0
008 251107s2014##################000#0#eng##
020 _a9781292060781
082 0 4 _a658.4022
_bTHO
100 1 _aThompson, Leigh L.,
_eauthor.
245 1 0 _aMaking the Team, Global Edition :
260 _c2014.
300 _a480 pages
650 0 _aLeadership.
942 _cENGLISH
040 _aACL
_beng
_cACL
999 _c596496
_d596496